Živé příběhy zemřelých knížat

Titel: Živé příběhy zemřelých knížat : Kosmova kronika a ústní tradice / Tomáš Klimek ; Národní knihovna České republiky
Verfasser:
Körperschaft:
Ausgabe: 1. vydání
Veröffentlicht: Praha : Národní knihovna České republiky, 2025
Umfang: 193 Seiten : Illustrationen, Diagramme (farbig) ; 24 cm
Format: Buch
Sprache: Tschechisch
Schriftenreihe/
mehrbändiges Werk:
Monographia Klementiniana ; 2.
RVK-Notation:
Schlagworte:
ISBN: 9788070508244
Buchumschlag
X
alg: 54382687
001A    $03004:21-04-26 
001B    $03004:21-04-26 $t14:49:50.000 
001D    $03004:21-04-26 
001U    $0utf8 
001X    $00 
002@    $0Aau 
002C    $aText $btxt $2rdacontent 
002D    $aohne Hilfsmittel zu benutzen $bn $2rdamedia 
002E    $aBand $bnc $2rdacarrier 
003@    $0543826872 
004A    $A978-80-7050-824-4 
006C    $01530549275 $aOCoLC 
007A    $0BV050342976 $aBVB 
009P    $qapplication/pdf $3Inhaltsverzeichnis $uhttps://bvbr.bib-bvb.de:443/F?func=service&doc_library=BVB01&local_base=BVB01&doc_number=035675978&sequence=000001&line_number=0001&func_code=DB_RECORDS&service_type=MEDIA $mDigitalisierung BSB München 19 - ADAM Catalogue Enrichment 
009P    $qapplication/pdf $3Abstract $uhttps://bvbr.bib-bvb.de:443/F?func=service&doc_library=BVB01&local_base=BVB01&doc_number=035675978&sequence=000003&line_number=0002&func_code=DB_RECORDS&service_type=MEDIA $mDigitalisierung BSB München 19 - ADAM Catalogue Enrichment 
009P    $qapplication/pdf $3Literaturverzeichnis $uhttps://bvbr.bib-bvb.de:443/F?func=service&doc_library=BVB01&local_base=BVB01&doc_number=035675978&sequence=000005&line_number=0003&func_code=DB_RECORDS&service_type=MEDIA $mDigitalisierung BSB München 19 - ADAM Catalogue Enrichment 
010@    $acze 
010E    $erda 
011@    $a2025 $n2025 
021A    $aŽivé příběhy zemřelých knížat $dKosmova kronika a ústní tradice $hTomáš Klimek ; Národní knihovna České republiky 
027A    $aKosmova kronika a ústní tradice 
028A    $BVerfasser $#Klimek, T. $4aut $71060577704 $8Klimek, Tomáš$Z1979- [Tp1] $9349697175 
029F    $BHerausgebendes Organ $RNárodní knihovna $#Národní knihovna ČR $#NK ČR $#National Library of the Czech Republic $#NL CZ $#National Library of the CR $#NL of the CR $#Nacionalʹna Biblioteka Českʹkoï Respubliky $#Biblioteca Nacional de la República Checa $#Biblioteca Nacional de la RCh $#Bibliothèque nationale de la République Tchèque $#Nationalbibliothek der Tschechischen Republik $#Nationalbibliothek Prag $#National Library of Prague $4isb $75245820-9 $8Národní knihovna České republiky [Tb1] $9053355121 
032@    $a1. vydání 
033A    $pPraha $nNárodní knihovna České republiky 
034D    $a193 Seiten 
034I    $a24 cm 
034M    $aIllustrationen, Diagramme (farbig) 
036E    $aMonographia Klementiniana $l2. 
037A    $aQuellen- und Literaturverzeichnis Seite 173-193 
044K    $qBVB $RProtektorat Böhmen und Mähren $RBöhmische Länder $RTschechoslowakei $#Böhmen $#Čech $#Königreich Böhmen $#České Království $#Království České $#Kronland Böhmen $#Čechy $#Ceské Království $#Království Ceské $74007467-5 $8Böhmen [Tg1] $9085012173 
044K    $qBVB $#Chronik von Böhmen $#Chronik Böhmens $#Češkaja chronika $#Des @Dekans Cosmas Chronik von Böhmen $#Die @Fortsetzungen des Cosmas von Prag $#Cosmas $#086863444 $74369791-4 $8$PCosmas$lPragensis$Z1045-1125 [Tp1]$aChronica Bohemorum [Tu1] $9088334627 
044K    $qBVB $RTextgeschichte $RTradition $ROral history $#Oral tradition $#Tradition orale $#Tradizione orale $#Fonti orali $#Tradición oral $#Mündliche Geschichte $#Mündliche Quelle $#Mündliche Tradition $#Orale Tradition $#Mündlichkeit Überlieferung $74040600-3 $8Mündliche Überlieferung [Ts1] $9085110930 
045F    $a002.09437109021 $eDDC22BSB 
045F/01 $a002.09 
045F/03 $f09021 
045F/03 $g4371 
045G    $a907.209437109021 $eDDC22BSB 
045G/01 $a907.2 
045G/03 $f09021 
045G/03 $g4371 
045H    $a900.9437109021 $eDDC22BSB 
045H/01 $a900 
045H/03 $f09021 
045H/03 $g4371 
045T    $aOST $qDE-12 $2FID 
045Z    $8KS 2310 [Tkv] $9409315303 
046L    $aText tschechisch. Zusammenfassung englisch 

lok: 54382687 24

exp: 54382687 24 1 #EPN
201B/01 $021-04-26 $t14:52:47.000 
201C/01 $021-04-26 
201U/01 $0utf8 
203@/01 $01340746573 
208@/01 $a21-04-26 $bz 
209A/01 $a26.01599 $du $f050 $h26 01599 $x00 
209C/01 $a26.01599 T $h26 01599 T 
209G/01 $a75095937 $x00 
220C/01 $akon 
247C/01 $8358050-7 Marburg, Bibliothek des Herder-Instituts Marburg $9102600961
LEADER 00000nam a2200000 c 4500
001 543826872
003 DE-603
005 20260421144950.0
007 tu
008 260421s2025 xx |||| | u00||u|cze c
020 |a 9788070508244 
035 |a (DE-599)BVBBV050342976 
040 |a DE-603  |b ger  |c DE-603  |d DE-603  |e rda 
041 |a cze 
082 0 4 |8 1\u  |a 002.09437109021  |q DE-101  |2 22/BSB 
083 0 |8 2\u  |a 907.209437109021  |q DE-101  |2 22/BSB 
083 0 |8 3\u  |a 900.9437109021  |q DE-101  |2 22/BSB 
084 |a OST  |q DE-12  |2 fid 
084 |a KS 2310  |0 (DE-625)84036:  |0 (DE-603)409315303  |2 rvk 
085 |8 1\u  |b 002.09 
085 |8 1\u  |z 1  |s 09021 
085 |8 1\u  |z 2  |s 4371 
085 |8 2\u  |b 907.2 
085 |8 2\u  |z 1  |s 09021 
085 |8 2\u  |z 2  |s 4371 
085 |8 3\u  |b 900 
085 |8 3\u  |z 1  |s 09021 
085 |8 3\u  |z 2  |s 4371 
100 1 |a Klimek, Tomáš  |d 1979-  |e Verfasser  |4 aut  |0 (DE-603)349697175  |0 (DE-588)1060577704  |2 gnd 
245 0 0 |a Živé příběhy zemřelých knížat  |b Kosmova kronika a ústní tradice  |c Tomáš Klimek ; Národní knihovna České republiky 
246 1 3 |a Kosmova kronika a ústní tradice 
250 |a 1. vydání 
264 1 |a Praha  |b Národní knihovna České republiky  |c 2025 
300 |a 193 Seiten  |b Illustrationen, Diagramme (farbig)  |c 24 cm 
336 |a Text  |b txt  |2 rdacontent 
337 |a ohne Hilfsmittel zu benutzen  |b n  |2 rdamedia 
338 |a Band  |b nc  |2 rdacarrier 
490 0 |a Monographia Klementiniana  |v 2. 
500 |a Quellen- und Literaturverzeichnis Seite 173-193 
546 |a Text tschechisch. Zusammenfassung englisch 
600 0 7 |a Cosmas  |c Pragensis  |d 1045-1125  |t Chronica Bohemorum  |0 (DE-588)4369791-4  |0 (DE-603)088334627  |2 gnd 
650 7 |a Mündliche Überlieferung  |0 (DE-588)4040600-3  |0 (DE-603)085110930  |2 gnd 
651 7 |a Böhmen  |0 (DE-588)4007467-5  |0 (DE-603)085012173  |2 gnd 
710 2 |a Národní knihovna České republiky  |e Herausgebendes Organ  |4 isb  |0 (DE-603)053355121  |0 (DE-588)5245820-9  |2 gnd 
856 4 2 |m Digitalisierung BSB München 19 - ADAM Catalogue Enrichment  |q application/pdf  |u https://bvbr.bib-bvb.de:443/F?func=service&doc_library=BVB01&local_base=BVB01&doc_number=035675978&sequence=000001&line_number=0001&func_code=DB_RECORDS&service_type=MEDIA  |3 Inhaltsverzeichnis 
856 4 2 |m Digitalisierung BSB München 19 - ADAM Catalogue Enrichment  |q application/pdf  |u https://bvbr.bib-bvb.de:443/F?func=service&doc_library=BVB01&local_base=BVB01&doc_number=035675978&sequence=000003&line_number=0002&func_code=DB_RECORDS&service_type=MEDIA  |3 Abstract 
856 4 2 |m Digitalisierung BSB München 19 - ADAM Catalogue Enrichment  |q application/pdf  |u https://bvbr.bib-bvb.de:443/F?func=service&doc_library=BVB01&local_base=BVB01&doc_number=035675978&sequence=000005&line_number=0003&func_code=DB_RECORDS&service_type=MEDIA  |3 Literaturverzeichnis 
924 0 |9 Mb 50  |a (DE-603)1340746573  |b DE-Mb50  |c HES  |d c  |g 26.01599